000
00340pam a2200157a 44500
008
230515b1981 xxu||||| |||| 00| 0 eng d
020
_a
NULL
041
_a
ENGLISH
082
_a
630
100
_a
7784-1980
245
_a
PART - II SEC 4 LEVEL CROSSINGS
250
_a
0
260
_a
DELHI
_b
ISI
_c
1981
300
_a
23
650
_a
NULL
999
_c
652014
_d
652014